| 000 | 00680cab a2200181 4500 | ||
|---|---|---|---|
| 001 | ##L134471 | ||
| 008 | 060808n2006 000 0 eng u | ||
| 035 | _a(Sirsi) u134471 | ||
| 041 | 0 | _aeng | |
| 245 | 0 | 0 | _aHow e-auctions work |
| 260 | _c2006 | ||
| 490 | 0 |
_aBuilding _v271(8441) 28 July 2006, 45(1) |
|
| 520 | _aOutlines the procedure being adopted by the Office of Government Commerce for its first online auction. Describes how interested firms can register their interest and submit technical queries, how bids will be evaluated, and the auction process itself. | ||
| 590 | _aIKA220806 | ||
| 651 | 4 |
_aUnited Kingdom _y |
|
| 690 | _aPROPERTY-AUCTIONEERING | ||
| 942 | _n0 | ||
| 999 |
_c77534 _d77534 |
||